Biblioteka Instytutu Północnego w Olsztynie

Widok standardowy Widok MARC

Pozycja Corporate Name

Liczba rekordów, w których użyto hasła: 1

001 - Numer kontrolny

  • control field: 11697

003 - Identyfikator numeru kontrolnego

  • control field: OLSZT 008

005 - Data i czas ostatniej modyfikacji

  • control field: 20240320220005.0

008 - Dane kontrolne kodowane (40 znaków)

  • fixed length control field: 080910n||a|nnnabbn |a ana |c

010 ## - Numer kontrolny Biblioteki Kongresu

  • numer kontrolny LC: n 2008076334

024 7# - OTHER STANDARD IDENTIFIER

  • Standard number or code: http://viaf.org/viaf/268652890
  • Source of number or code: uri

024 7# - OTHER STANDARD IDENTIFIER

  • Standard number or code: http://isni.org/isni/0000000110881807
  • Source of number or code: uri

024 7# - OTHER STANDARD IDENTIFIER

  • Standard number or code: https://www.wikidata.org/wiki/Q18424766
  • Source of number or code: uri

039 #9 -

  • : 202307250010
  • : VLOAD
  • : 202307240502
  • : VLOAD
  • : 201206250007
  • : VLOAD
  • : 201206220016
  • : VLOAD
  • : 200809101417
  • : vuam

040 ## - Instytucja sporządzająca rekord

  • inst. przygot. dane do rek. khw: POZN U/AS
  • inst. wprow. rek. khw: POZN U/AS

110 2# - Hasło - nazwa ciała zbiorowego

  • nazwa ciała zbior. lub geogr. na pocz.: Instytut Rozwoju Społeczeństwa Obywatelskiego.

410 2# - Trop zob. - nazwa ciała zbiorowego

  • nazwa ciała zbior. lub geogr. na pocz.: IRSO.

665 ## - Nota historyczna

  • nota historyczna: Instytut Rozwoju Społeczeństwa Obywatelskiego powstał w 2006. Siedziba władz mieści się w Toruniu.

670 ## - Źródło informacji

  • źródło informacji: Czasy Nowożytne. - T. 20(2007).

670 ## - Źródło informacji

  • źródło informacji: http://irso2007.wordpress.com/

999 ## -

  • : VIRTUA x

999 ## -

  • : VTLSSORT0010*0080*0100*0400*1100*4100*6650*6700*6701*9992
Biblioteka Instytutu Północnego, ul. Partyzantów 87, 10-402 Olsztyn, email: biblioteka(at)ip.olsztyn.pl